000 00480pab a2200169 454500
008 180718b2006 xxu||||| |||| 00| 0 eng d
100 _aSubrahmanian, K.K.
245 _aEconomic growth in the regime of reforms: Kerala's experience
260 _c2006
300 _ap.885-90.
362 _a11 Mar
650 _aEconomic reform - Kerala
650 _aEconomic growth - India - Kerala
650 _aEconomic growth
773 _aEconomic and Political Weekly
909 _a69035
999 _c69035
_d69035